L'Indicateur touristique d'Egypte = Tourists' Egyptian companion.
محفوظ في:
التنسيق: كتاب
اللغة:
French
English
منشور في:
Cairo :
[A. Karama],
1953-1954.
الموضوعات:
الوسوم: إضافة وسم
لا توجد وسوم, كن أول من يضع وسما على هذه التسجيلة!
رقم الطلب: DT45 .T68 1953-54
| LEADER | 00848namaa2200253 4500 | ||
|---|---|---|---|
| 001 | 22836 | ||
| 003 | OSt | ||
| 005 | 20211218140317.0 | ||
| 008 | 130303m19531954ua a g 000 0 fre d | ||
| 952 | |0 0 |1 0 |2 lcc |4 0 |6 DT0045 T68 01953-00054 |7 1 |9 23888 |a ARCE |b ARCE |d 2021-12-18 |l 0 |o DT45 .T68 1953-54 |p 1009356 |r 2021-12-18 00:00:00 |w 2021-12-18 |y BK | ||
| 999 | |c 22566 |d 22566 | ||
| 040 | |c ARCE Library | ||
| 041 | 0 | |a fre |a eng | |
| 043 | |a f-ua--- | ||
| 050 | 4 | |a DT45 .T68 1953-54 | |
| 245 | 1 | 0 | |a L'Indicateur touristique d'Egypte = |b Tourists' Egyptian companion. |
| 246 | 3 | 1 | |a Tourists' Egyptian companion. |
| 264 | 1 | |a Cairo : |b [A. Karama], |c 1953-1954. | |
| 300 | |a volumes : |b illustrations, maps ; |c 18 cm. | ||
| 546 | |a French and English. | ||
| 651 | 0 | |a Egypt |v Guidebooks. | |
| 651 | 0 | |a Egypt |x Description and travel. | |
| 901 | |a reviewed | ||
| 942 | |c BK |2 lcc | ||
